| 000 | 00442nam a2200133 a 4500 | ||
|---|---|---|---|
| 001 | 000038379 | ||
| 005 | 20201002031237.0 | ||
| 008 | 130410s1991 dr 000 0 spa d | ||
| 040 |
_aDO-SdBNP _bspa _cBNPHU |
||
| 100 | 1 |
_aDíaz Castillo, Bienvenido _922529 |
|
| 245 | 1 | 0 |
_aCurso básico de redacción let 0-12 / _cBienvenido Díaz Castillo. |
| 260 |
_aSanto Domingo : _bUniversidad Autónoma de Santo Domingo, _c1991. |
||
| 300 |
_a290 p. ; _c22 cm. |
||
| 999 |
_c37869 _d37869 |
||